00289nam a2200109Ia 4500008004100000041000800041082002400049100001800073245004100091260003800132300000900170230411s9999 xx 000 0 und d aeng aAD/610.6/CHA/B02512 aChandorkar AG aHospital Administration and Planning bParas PublishingaHyderabadc2003 a412p